[Event "DVM U10 2015"]
[Site "Magdeburg GER"]
[Date "2015.12.27"]
[Round "1"]
[White "Dornheim, Carl Friedrich"]
[Black "Zeuner, Ole"]
[Result "0-1"]
[Termination "normal"]
[Board "1.1"]
[WhiteElo "985"]
[BlackElo "1559"]
[WhiteTeam "Schachzwerge Magdeburg 2"]
[BlackTeam "Schachzwerge Magdeburg 1"]
[PlyCount "86"]
[WhiteFideId "16252314"]
[BlackFideId "12943576"]
[EventCountry "GER"]
[EventRounds "7"]
[EventType "team-swiss"]
[EventDate "2015.12.27"]

1. e4 c5 2. Nf3 Nc6 3. Bb5 g6 4. Bxc6 dxc6 5. Nc3 Bg7 6. e5 Bg4 7. Ne4 b6 8. d4
cxd4 9. Qxd4 Bxf3 10. Qxd8+ Rxd8 11. gxf3 Bxe5 12. Nd2 Bg7 13. Ne4 Nf6 14. Bd2
Nxe4 15. fxe4 Bxb2 16. Rb1 Bg7 17. Bf4 O-O 18. Bg5 Rd7 19. Rd1 Rfd8 20. Rxd7
Rxd7 21. O-O Kf8 22. Re1 Ke8 23. a4 Bc3 24. Re3 Bd2 25. Rg3 Bxg5 26. Rxg5 Rd4
27. e5 Rxa4 28. c3 Ra1+ 29. Kg2 a5 30. Rg4 b5 31. Rh4 h5 32. c4 Ra4 33. f3 Rxc4
34. Rxc4 bxc4 35. Kf2 a4 36. Ke3 a3 37. Kd4 a2 38. Kxc4 a1=Q 39. Kc5 Qc3+ 40.
Kb6 Kd7 41. Kb7 Qb4+ 42. Ka6 Kc7 43. h3 Qb6# *

[Event "DVM U10 2015"]
[Site "Magdeburg GER"]
[Date "2015.12.27"]
[Round "1"]
[White "Morgenstern, Tobias"]
[Black "Stackfleth, Jarno"]
[Result "1-0"]
[Termination "normal"]
[Board "1.2"]
[WhiteElo "1342"]
[BlackElo "940"]
[WhiteTeam "Schachzwerge Magdeburg 1"]
[BlackTeam "Schachzwerge Magdeburg 2"]
[PlyCount "89"]
[WhiteFideId "12974390"]
[BlackFideId "16252144"]
[EventCountry "GER"]
[EventRounds "7"]
[EventType "team-swiss"]
[EventDate "2015.12.27"]

1. e4 e5 2. Nf3 Nc6 3. Bc4 Nf6 4. Ng5 Qe7 5. Bxf7+ Kd8 6. Bb3 Ke8 7. Nc3 h6 8.
Nf3 d6 9. d3 Bg4 10. h3 Bh5 11. Be3 Kd7 12. g4 Bg6 13. Qd2 Rd8 14. O-O-O Kc8
15. g5 hxg5 16. Bxg5 Bh5 17. Qe3 Bf7 18. Bxf7 Qxf7 19. d4 exd4 20. Nxd4 Nxd4
21. Qxd4 Be7 22. Qxa7 Qg6 23. h4 Rhe8 24. Kb1 Qh5 25. Qa8+ Kd7 26. Qxb7 Rb8 27.
Qa6 Qf7 28. Rhe1 Qe6 29. f4 d5 30. Qxe6+ Kxe6 31. exd5+ Kf5 32. Re5+ Kg6 33.
h5+ Kxh5 34. Bxf6+ Kg6 35. Bxe7 Rxe7 36. Rxe7 Rb7 37. d6 cxd6 38. Rxb7 Kf5 39.
Rxd6 Kxf4 40. Rxg7 Kf3 41. Rd4 Kf2 42. Rd3 Ke1 43. Rg2 Kf1 44. Rdd2 Ke1 45.
Rd1# *

[Event "DVM U10 2015"]
[Site "Magdeburg GER"]
[Date "2015.12.27"]
[Round "1"]
[White "Weber, Willi"]
[Black "Joppich, Til"]
[Result "0-1"]
[Termination "normal"]
[Board "1.3"]
[WhiteElo "905"]
[BlackElo "1515"]
[WhiteTeam "Schachzwerge Magdeburg 2"]
[BlackTeam "Schachzwerge Magdeburg 1"]
[PlyCount "134"]
[BlackFideId "16232917"]
[EventCountry "GER"]
[EventRounds "7"]
[EventType "team-swiss"]
[EventDate "2015.12.27"]

1. e4 e5 2. Nf3 Nc6 3. d4 exd4 4. Nxd4 Nf6 5. Nc3 d5 6. f3 dxe4 7. Be3 Nxd4 8.
Bxd4 exf3 9. gxf3 Bb4 10. Qe2+ Qe7 11. Qxe7+ Bxe7 12. O-O-O O-O 13. Rg1 c6 14.
Bd3 Rd8 15. Bc4 c5 16. Be5 Rxd1+ 17. Nxd1 g6 18. Bxf6 Bxf6 19. Bd5 Rb8 20. f4
b6 21. Ne3 Bd4 22. Re1 Bb7 23. Bxb7 Rxb7 24. Nd5 Kf8 25. c3 Rd7 26. cxd4 Rxd5
27. dxc5 Rxc5+ 28. Kb1 Rf5 29. Rd1 Rxf4 30. Rd7 Ra4 31. Rd8+ Ke7 32. Rh8 Rh4
33. Ra8 Rxh2 34. Rxa7+ Kf8 35. Rb7 f5 36. Rxb6 f4 37. Rb8+ Kg7 38. Rb7+ Kh6 39.
Rb3 Rg2 40. a4 Rg3 41. Rb6 f3 42. Rf6 Kg5 43. Rf7 Rg4 44. Rxf3 Rxa4 45. Rg3+
Kf4 46. Rh3 Ra7 47. Rh4+ Kg3 48. Rh6 g5 49. Rh1 g4 50. Rg1+ Kf3 51. Rf1+ Kg2
52. Rc1 g3 53. b3 Kh2 54. Rc2+ g2 55. b4 Kh1 56. Rc1+ g1=Q 57. Rxg1+ Kxg1 58.
Kb2 h5 59. Kb3 h4 60. b5 h3 61. Kb4 Rb7 62. Kc5 h2 63. b6 h1=Q 64. Kb5 Qd5+ 65.
Ka6 Qc6 66. Ka5 Qxb6+ 67. Ka4 Qb4# *

[Event "DVM U10 2015"]
[Site "Magdeburg GER"]
[Date "2015.12.27"]
[Round "1"]
[White "Heutling, Elina"]
[Black "Currenti, Gianluca"]
[Result "1-0"]
[Termination "normal"]
[Board "1.4"]
[WhiteElo "1232"]
[BlackElo "819"]
[WhiteTeam "Schachzwerge Magdeburg 1"]
[BlackTeam "Schachzwerge Magdeburg 2"]
[PlyCount "103"]
[WhiteFideId "16244729"]
[EventCountry "GER"]
[EventRounds "7"]
[EventType "team-swiss"]
[EventDate "2015.12.27"]

1. e4 e5 2. Nf3 Nc6 3. Bc4 Bc5 4. c3 Nf6 5. d4 exd4 6. cxd4 Bb6 7. e5 Ne4 8.
Bd5 Nxf2 9. Kxf2 O-O 10. Rf1 Nb4 11. Bc4 d5 12. a3 dxc4 13. axb4 Bg4 14. Be3
Bf5 15. Kg1 Bd3 16. Rf2 Be4 17. Nc3 Bxf3 18. Qxf3 f6 19. Qd5+ Rf7 20. Qxd8+
Rxd8 21. Rd1 c6 22. Rf3 fxe5 23. Rxf7 Kxf7 24. Ne2 c5 25. bxc5 Bxc5 26. Rf1+
Kg8 27. dxc5 Rd3 28. Bg5 Rb3 29. Be7 h6 30. Ng3 Rxb2 31. Rc1 Rb4 32. c6 Rb6 33.
Rxc4 Rxc6 34. Rxc6 bxc6 35. Bc5 a5 36. Kf2 a4 37. Ke3 a3 38. Bxa3 g5 39. Ke4 g4
40. Kxe5 c5 41. Bxc5 h5 42. Nxh5 g3 43. Nxg3 Kf7 44. Kf5 Kg7 45. h4 Kh6 46.
Be3+ Kg7 47. h5 Kh7 48. Kf6 Kg8 49. Kg6 Kh8 50. h6 Kg8 51. h7+ Kh8 52. Bd4# *

[Event "DVM U10 2015"]
[Site "Magdeburg GER"]
[Date "2015.12.27"]
[Round "1"]
[White "Lutz, Ruben"]
[Black "Schulz, Rafael"]
[Result "1-0"]
[Termination "normal"]
[Board "2.1"]
[WhiteElo "1693"]
[BlackElo "812"]
[WhiteTeam "USV TU Dresden 1"]
[BlackTeam "USV TU Dresden 2"]
[PlyCount "62"]
[WhiteFideId "12975974"]
[EventCountry "GER"]
[EventRounds "7"]
[EventType "team-swiss"]
[EventDate "2015.12.27"]

1. d4 d5 2. c4 c6 3. cxd5 cxd5 4. Bf4 Nc6 5. Nc3 Bf5 6. e3 e6 7. Bb5 Nf6 8. Nf3
a6 9. Bd3 Bxd3 10. Qxd3 Bb4 11. O-O Qa5 12. Rfc1 Bxc3 13. Rxc3 Nb4 14. Qe2 Ne4
15. Rcc1 O-O 16. a3 Nc6 17. Ne5 Nxe5 18. Bxe5 f6 19. Bf4 g5 20. Bc7 Qb5 21.
Qxb5 axb5 22. Rc2 Rac8 23. Rac1 f5 24. Be5 Rxc2 25. Rxc2 f4 26. f3 Nf6 27. exf4
gxf4 28. Bxf4 Nd7 29. Bg3 e5 30. dxe5 Re8 31. f4 d4 *

[Event "DVM U10 2015"]
[Site "Magdeburg GER"]
[Date "2015.12.27"]
[Round "1"]
[White "Posselt, Daniel"]
[Black "Lutz, Adam"]
[Result "0-1"]
[Termination "normal"]
[Board "2.2"]
[WhiteElo "855"]
[BlackElo "1423"]
[WhiteTeam "USV TU Dresden 2"]
[BlackTeam "USV TU Dresden 1"]
[PlyCount "88"]
[WhiteFideId "16298241"]
[BlackFideId "16226615"]
[EventCountry "GER"]
[EventRounds "7"]
[EventType "team-swiss"]
[EventDate "2015.12.27"]

1. e4 c5 2. d3 e6 3. c4 d6 4. Nc3 Nf6 5. Nf3 Nc6 6. Be2 Be7 7. Be3 O-O 8. O-O
Qc7 9. Nb5 Qd8 10. Qd2 a6 11. Nc3 Qc7 12. a3 Bd7 13. d4 cxd4 14. Bxd4 Nxd4 15.
Nxd4 Rac8 16. Rfe1 Rfd8 17. Rac1 Qb6 18. b4 h6 19. h3 Ne8 20. Na4 Bxa4 21. Bg4
Bd7 22. e5 dxe5 23. Rxe5 Bf6 24. Ree1 Qxd4 25. Qa2 Qb2 26. Rc2 Qxa2 27. Rxa2
Rxc4 28. Be2 Re4 29. Rd1 Bc6 30. Rxd8 Bxd8 31. Bf1 Re1 32. Rc2 Bb5 33. Kh2 Rxf1
34. Rc8 Bc7+ 35. g3 Rxf2+ 36. Kg1 Bxg3 37. h4 Bxh4 38. Rb8 Bc6 39. Rxb7 Bxb7
40. b5 axb5 41. a4 Bg3 42. axb5 Rb2 43. Kf1 Bf3 44. b6 Rb1# *

[Event "DVM U10 2015"]
[Site "Magdeburg GER"]
[Date "2015.12.27"]
[Round "1"]
[White "Nguyen, Phuong Thao Vivien"]
[Black "Posselt, Marcus"]
[Result "1-0"]
[Termination "normal"]
[Board "2.3"]
[WhiteElo "1333"]
[BlackElo "890"]
[WhiteTeam "USV TU Dresden 1"]
[BlackTeam "USV TU Dresden 2"]
[PlyCount "139"]
[WhiteFideId "16210735"]
[EventCountry "GER"]
[EventRounds "7"]
[EventType "team-swiss"]
[EventDate "2015.12.27"]

1. e4 e5 2. Nf3 Nc6 3. Bc4 Nf6 4. d4 d6 5. d5 Nb4 6. a3 Na6 7. Nc3 Nc5 8. Qe2
Be7 9. b4 Ncd7 10. O-O O-O 11. Bd2 c6 12. Rad1 cxd5 13. Bxd5 Nxd5 14. Nxd5 Nb6
15. Nxe7+ Qxe7 16. Be3 Na4 17. Rc1 a6 18. c4 Bd7 19. Rc2 b5 20. c5 Rac8 21.
Rfc1 Rc7 22. Qd2 Rc6 23. cxd6 Rxd6 24. Qe2 h6 25. Nd2 Be6 26. Bc5 Nxc5 27. Rxc5
f6 28. Rc7 Rd7 29. R7c6 Ra7 30. Qe3 Rd8 31. h3 Rd6 32. Nf3 Rxc6 33. Rxc6 Qd7
34. Rxe6 Qxe6 35. Qxa7 Qc6 36. Qb8+ Kh7 37. Qf8 Qc1+ 38. Kh2 Qxa3 39. Nh4 Qd3
40. Nf5 Qd7 41. Ne7 h5 42. Qg8+ Kh6 43. Qh8+ Kg5 44. Qxg7+ Kf4 45. Qxf6+ Kxe4
46. Qh4+ Kd3 47. f3 Kc3 48. Qe1+ Kb3 49. Ng6 Ka4 50. Qb1 Qd5 51. Nh4 Qd4 52.
Qa2+ Kxb4 53. Qb1+ Kc5 54. Nf5 Qf4+ 55. Kh1 b4 56. Ng7 Qf7 57. Qc2+ Kb5 58. Nf5
Qe6 59. Qd3+ Ka4 60. Nd6 b3 61. Qxa6+ Kb4 62. Qb6+ Kc3 63. Ne4+ Kb2 64. Qxe6
Kb1 65. Qxb3+ Kc1 66. Nc5 Kd2 67. Kg1 Ke2 68. Qd3+ Ke1 69. Ne4 h4 70. Qd2# *

[Event "DVM U10 2015"]
[Site "Magdeburg GER"]
[Date "2015.12.27"]
[Round "1"]
[White "Bode, Gustav"]
[Black "Günther, Fabian"]
[Result "0-1"]
[Termination "normal"]
[Board "2.4"]
[WhiteElo "762"]
[BlackElo "1124"]
[WhiteTeam "USV TU Dresden 2"]
[BlackTeam "USV TU Dresden 1"]
[PlyCount "68"]
[BlackFideId "16240294"]
[EventCountry "GER"]
[EventRounds "7"]
[EventType "team-swiss"]
[EventDate "2015.12.27"]

1. e4 c5 2. Nf3 Nc6 3. d4 cxd4 4. Nxd4 e5 5. Nf3 Nf6 6. Nc3 Bb4 7. Bd2 d6 8. a3
Bxc3 9. Bxc3 Nxe4 10. Bc4 Nxc3 11. bxc3 Be6 12. Bxe6 fxe6 13. Qd2 O-O 14. Ng5
Qf6 15. O-O h6 16. Ne4 Qe7 17. Qe3 d5 18. Nd2 Qf6 19. Nf3 d4 20. Qe4 dxc3 21.
Nh4 Qf4 22. Rfe1 Qxf2+ 23. Kh1 Qf4 24. Qxf4 Rxf4 25. Ng6 Rf5 26. Rab1 Kh7 27.
Nh4 Rh5 28. Nf3 b6 29. Rb3 Nd4 30. Rxc3 Nxf3 31. Rxf3 Rc8 32. c3 Rc5 33. a4 Rf5
34. g4 Rxf3 *

[Event "DVM U10 2015"]
[Site "Magdeburg GER"]
[Date "2015.12.27"]
[Round "1"]
[White "Fuhrmann, Bahne"]
[Black "Weihrauch, Jakob"]
[Result "0-1"]
[Termination "normal"]
[Board "3.1"]
[WhiteElo "1131"]
[BlackElo "1732"]
[WhiteTeam "Hamburger SK von 1830 4"]
[BlackTeam "Hamburger SK von 1830 1"]
[PlyCount "34"]
[WhiteFideId "16244842"]
[BlackFideId "16210115"]
[EventCountry "GER"]
[EventRounds "7"]
[EventType "team-swiss"]
[EventDate "2015.12.27"]

1. e4 c5 2. Nf3 d6 3. d4 cxd4 4. Nxd4 Nf6 5. Nc3 a6 6. Bc4 e6 7. Qe2 b5 8. Bb3
Be7 9. Qf3 Bb7 10. Bg5 h6 11. Bxf6 Bxf6 12. O-O-O Qb6 13. Qd3 Nd7 14. Rhf1 Nc5
15. Qe3 Nxb3+ 16. Nxb3 Bg5 17. Qxg5 hxg5 0-1

[Event "DVM U10 2015"]
[Site "Magdeburg GER"]
[Date "2015.12.27"]
[Round "1"]
[White "Huo, Da"]
[Black "Brandstrup, Luca Alexander"]
[Result "1-0"]
[Termination "normal"]
[Board "3.2"]
[WhiteElo "1320"]
[BlackElo "787"]
[WhiteTeam "Hamburger SK von 1830 1"]
[BlackTeam "Hamburger SK von 1830 4"]
[PlyCount "69"]
[WhiteFideId "16221206"]
[BlackFideId "16244990"]
[EventCountry "GER"]
[EventRounds "7"]
[EventType "team-swiss"]
[EventDate "2015.12.27"]

1. e4 e5 2. Nf3 Nc6 3. Bc4 Nd4 4. Nxd4 exd4 5. Qf3 Nf6 6. e5 d5 7. exf6 dxc4 8.
fxg7 Bxg7 9. O-O O-O 10. d3 cxd3 11. Qxd3 Qf6 12. Nd2 Bf5 13. Qf3 Qg6 14. Qxb7
Bh3 15. Qf3 Bg4 16. Qg3 Rfe8 17. h3 Be5 18. Qxg4 Qxg4 19. hxg4 Bf4 20. Nb3 Bd6
21. Nxd4 Re7 22. Nf5 Re6 23. Nxd6 cxd6 24. Be3 Rae8 25. Bxa7 Re2 26. Rac1 Ra8
27. Bd4 Rxa2 28. c3 Raxb2 29. Rfe1 Rxe1+ 30. Rxe1 Rb8 31. f4 d5 32. Re5 Rb1+
33. Kf2 Rb2+ 34. Kf3 Rb8 35. Rxd5 1-0

[Event "DVM U10 2015"]
[Site "Magdeburg GER"]
[Date "2015.12.27"]
[Round "1"]
[White "Reuter, Elisa"]
[Black "Schmidt, Dirk"]
[Result "1-0"]
[Termination "normal"]
[Board "4.1"]
[WhiteElo "1547"]
[BlackElo "973"]
[WhiteTeam "SV Empor Erfurt 1"]
[BlackTeam "SV Empor Erfurt 2"]
[PlyCount "71"]
[WhiteFideId "12995444"]
[BlackFideId "16220544"]
[EventCountry "GER"]
[EventRounds "7"]
[EventType "team-swiss"]
[EventDate "2015.12.27"]

1. e4 e5 2. Nf3 Nc6 3. d4 exd4 4. Nxd4 d5 5. Nxc6 bxc6 6. exd5 cxd5 7. Bb5+ Bd7
8. Bxd7+ Qxd7 9. O-O Nf6 10. Re1+ Be7 11. Nd2 O-O 12. Nf3 Bd6 13. Bg5 Qf5 14.
Bxf6 Qxf6 15. c3 Rfe8 16. Qxd5 Rxe1+ 17. Rxe1 Rb8 18. Qd2 Bf4 19. Qc2 Rf8 20.
Re4 Qf5 21. Re2 Qxc2 22. Rxc2 Rd8 23. Kf1 Rd1+ 24. Ke2 Ra1 25. b3 Rh1 26. g3
Bg5 27. Nxg5 Rxh2 28. Rd2 g6 29. Nf3 Rh5 30. c4 Rc5 31. Rd5 Rxd5 32. cxd5 h5
33. Kd3 f6 34. Kc4 g5 35. Kc5 h4 36. gxh4 1-0

[Event "DVM U10 2015"]
[Site "Magdeburg GER"]
[Date "2015.12.27"]
[Round "1"]
[White "Mantu, Gabriel"]
[Black "Kazuch, Vincent"]
[Result "0-1"]
[Termination "normal"]
[Board "4.2"]
[WhiteElo "947"]
[BlackElo "1696"]
[WhiteTeam "SV Empor Erfurt 2"]
[BlackTeam "SV Empor Erfurt 1"]
[PlyCount "48"]
[WhiteFideId "16278046"]
[BlackFideId "12971480"]
[EventCountry "GER"]
[EventRounds "7"]
[EventType "team-swiss"]
[EventDate "2015.12.27"]

1. b4 d5 2. Bb2 Nf6 3. Nf3 c6 4. e3 e6 5. a3 Nbd7 6. c4 Qc7 7. Nc3 Be7 8. Be2
dxc4 9. Bxc4 O-O 10. O-O Nb6 11. Ba2 Nbd5 12. Nxd5 exd5 13. Rc1 Bg4 14. h3 Bh5
15. b5 Rab8 16. Be5 Qxe5 17. Nxe5 Bxd1 18. Rfxd1 Bxa3 19. Rc3 Bb2 20. Rb3 Bxe5
21. bxc6 bxc6 22. Rxb8 Rxb8 23. Rc1 Rb6 24. f3 h6 0-1

[Event "DVM U10 2015"]
[Site "Magdeburg GER"]
[Date "2015.12.27"]
[Round "1"]
[White "Reuter, Marek"]
[Black "Runds, Emily Sophie"]
[Result "1-0"]
[Termination "normal"]
[Board "4.3"]
[WhiteElo "1209"]
[BlackElo "976"]
[WhiteTeam "SV Empor Erfurt 1"]
[BlackTeam "SV Empor Erfurt 2"]
[PlyCount "49"]
[WhiteFideId "16226712"]
[BlackFideId "16235231"]
[EventCountry "GER"]
[EventRounds "7"]
[EventType "team-swiss"]
[EventDate "2015.12.27"]

1. e4 e5 2. Nf3 Nc6 3. Bb5 a6 4. Bxc6 dxc6 5. Nc3 Nf6 6. Nxe5 Be6 7. d4 Bb4 8.
Be3 Nxe4 9. Qd3 Nf6 10. a3 Ba5 11. b4 Bb6 12. O-O Ng4 13. Ne2 Qh4 14. h3 Nf6
15. g3 Qxh3 16. Nf4 Qf5 17. Nxe6 Qxd3 18. Nxg7+ Ke7 19. Nxd3 Rhg8 20. Nf5+ Ke8
21. Rfe1 Kd7 22. Ne5+ Ke6 23. Nh4 Rg7 24. Nxc6 bxc6 25. Bh6+ 1-0

[Event "DVM U10 2015"]
[Site "Magdeburg GER"]
[Date "2015.12.27"]
[Round "1"]
[White "Mantu, Valentin"]
[Black "Rajchel, Arian"]
[Result "0-1"]
[Termination "normal"]
[Board "4.4"]
[WhiteElo "952"]
[BlackElo "1025"]
[WhiteTeam "SV Empor Erfurt 2"]
[BlackTeam "SV Empor Erfurt 1"]
[PlyCount "62"]
[WhiteFideId "16278054"]
[EventCountry "GER"]
[EventRounds "7"]
[EventType "team-swiss"]
[EventDate "2015.12.27"]

1. b4 e5 2. Bb2 Bxb4 3. Bxe5 f6 4. Bc3 Bxc3 5. Nxc3 Nc6 6. e3 Nge7 7. d4 d5 8.
Nf3 O-O 9. Bd3 Nb4 10. O-O Nxd3 11. Qxd3 Bf5 12. Qd2 Bg4 13. Qe2 Qe8 14. h3 Bh5
15. Rab1 Qc6 16. Nb5 a6 17. Na3 Rfe8 18. g4 Bg6 19. Nh4 f5 20. Nxg6 Qxg6 21.
Rxb7 fxg4 22. Qxg4 Qd6 23. Rb3 Rab8 24. Rxb8 Rxb8 25. Nb1 Rb2 26. Kh1 Rxc2 27.
Rg1 Qg6 28. Qxg6 Nxg6 29. f4 Nh4 30. Rg4 Nf3 31. Nd2 Rxd2 0-1

[Event "DVM U10 2015"]
[Site "Magdeburg GER"]
[Date "2015.12.27"]
[Round "1"]
[White "Danielsen, Asger"]
[Black "Prieb, Robert"]
[Result "0-1"]
[Termination "normal"]
[Board "5.1"]
[WhiteElo "875"]
[BlackElo "1494"]
[WhiteTeam "SchachAkademiePaderborn 2"]
[BlackTeam "SchachAkademiePaderborn 1"]
[PlyCount "90"]
[BlackFideId "16212002"]
[EventCountry "GER"]
[EventRounds "7"]
[EventType "team-swiss"]
[EventDate "2015.12.27"]

1. e4 g6 2. Nc3 Bg7 3. d4 d6 4. Nf3 Nc6 5. Bc4 Nf6 6. Qd3 Bg4 7. Be3 Bxf3 8.
gxf3 Qd7 9. O-O-O O-O 10. Rdg1 a6 11. Qf1 b5 12. Bd5 Nxd5 13. Nxd5 Nxd4 14. Kb1
Nxf3 15. Rg3 Ne5 16. f3 Nc4 17. Bc1 Bxb2 18. Bxb2 Nd2+ 19. Kc1 Nxf1 20. Rxf1
Qd8 21. Rh1 c6 22. Nb4 Qb6 23. h4 a5 24. Nd3 b4 25. h5 e5 26. f4 exf4 27. Nxf4
Qf2 28. Rg4 Qe3+ 29. Kb1 Qxe4 30. Rgh4 Qe7 31. hxg6 fxg6 32. Ng2 Rf2 33. Re1
Qf7 34. Ne3 Re8 35. Ng2 Rxg2 36. Rxe8+ Qxe8 37. Rh1 Qe2 38. Rc1 c5 39. a3 b3
40. a4 bxc2+ 41. Ka1 Qd1 42. Rxd1 cxd1=Q+ 43. Ka2 Qxa4+ 44. Kb1 Qc2+ 45. Ka2
Qxb2# 0-1

[Event "DVM U10 2015"]
[Site "Magdeburg GER"]
[Date "2015.12.27"]
[Round "1"]
[White "Bornemann, Malte"]
[Black "Nourzad, Shayan"]
[Result "1-0"]
[Termination "normal"]
[Board "5.2"]
[WhiteElo "1211"]
[BlackElo "929"]
[WhiteTeam "SchachAkademiePaderborn 1"]
[BlackTeam "SchachAkademiePaderborn 2"]
[PlyCount "75"]
[WhiteFideId "16284470"]
[BlackFideId "16274890"]
[EventCountry "GER"]
[EventRounds "7"]
[EventType "team-swiss"]
[EventDate "2015.12.27"]

1. d4 d5 2. Bf4 Bf5 3. Nf3 Nf6 4. e3 Nc6 5. c3 g6 6. Bb5 Bg7 7. Bxc6+ bxc6 8.
Qa4 Qd7 9. Ne5 Qd8 10. Qxc6+ Bd7 11. Nxd7 Nxd7 12. Qxd5 Rb8 13. b3 O-O 14. O-O
Qc8 15. Nd2 Nf6 16. Qc5 Rb7 17. Qxe7 Nd5 18. Qe4 Nxc3 19. Qd3 Nd5 20. Be5 Nf6
21. Qa6 Rb6 22. Qxa7 Rb7 23. Qc5 Nd7 24. Qd5 Nxe5 25. dxe5 c6 26. Qe4 Re8 27.
f4 Rd7 28. Nc4 Qb7 29. Na5 Qb6 30. Qxc6 Qxc6 31. Nxc6 Rc8 32. Rac1 Re8 33. Rfd1
Rc7 34. Rc4 Re6 35. Rd6 Rxd6 36. exd6 Rd7 37. Ne7+ Rxe7 38. dxe7 1-0

[Event "DVM U10 2015"]
[Site "Magdeburg GER"]
[Date "2015.12.27"]
[Round "1"]
[White "Schäfer, Anton"]
[Black "Yin, Haode"]
[Result "0-1"]
[Termination "normal"]
[Board "5.3"]
[WhiteElo "890"]
[BlackElo "1110"]
[WhiteTeam "SchachAkademiePaderborn 2"]
[BlackTeam "SchachAkademiePaderborn 1"]
[PlyCount "68"]
[BlackFideId "16261348"]
[EventCountry "GER"]
[EventRounds "7"]
[EventType "team-swiss"]
[EventDate "2015.12.27"]

1. d4 d5 2. Bf4 Nf6 3. Nf3 Bf5 4. e3 e6 5. Bd3 Bg6 6. Qe2 Bd6 7. Bg3 Qe7 8.
Nbd2 Nbd7 9. c3 c6 10. O-O-O O-O 11. Bxg6 hxg6 12. Bh4 e5 13. dxe5 Bxe5 14.
Nxe5 Nxe5 15. Bxf6 Qxf6 16. f4 Nd7 17. Qf3 Qf5 18. g4 Qe6 19. Rde1 Rfe8 20. Nf1
Nf6 21. g5 Nh5 22. Ng3 Qh3 23. e4 dxe4 24. Rxe4 Rxe4 25. Qxe4 Qe6 26. Qf3 Nxg3
27. Qxg3 Re8 28. Kb1 Qe4+ 29. Kc1 Qxh1+ 30. Kc2 Qe4+ 31. Kb3 Qd5+ 32. Kc2 Re2+
33. Kc1 Qd2+ 34. Kb1 Qxb2# 0-1

[Event "DVM U10 2015"]
[Site "Magdeburg GER"]
[Date "2015.12.27"]
[Round "1"]
[White "Hommer, Jeremy"]
[Black "Gehrke, Gina Celina"]
[Result "1/2-1/2"]
[Termination "normal"]
[Board "6.1"]
[WhiteElo "1679"]
[BlackElo "1519"]
[WhiteTeam "SC Turm Lüneburg"]
[BlackTeam "SV "Glück auf" Rüdersdorf"]
[PlyCount "52"]
[WhiteFideId "12992577"]
[BlackFideId "16205979"]
[EventCountry "GER"]
[EventRounds "7"]
[EventType "team-swiss"]
[EventDate "2015.12.27"]

1. g3 d5 2. Bg2 e6 3. c4 c6 4. cxd5 cxd5 5. d4 Bd6 6. Nf3 Nc6 7. O-O Nge7 8. a3
Bd7 9. Nc3 a6 10. Re1 f6 11. e4 dxe4 12. Nxe4 Bc7 13. Nc5 Qc8 14. Qe2 Kf7 15.
Qc4 Nd5 16. Nd2 Re8 17. Bxd5 exd5 18. Qxd5+ Be6 19. Qh5+ Kg8 20. d5 Bf7 21.
Rxe8+ Qxe8 22. Qf3 Ne5 23. Qc3 Bxd5 24. Nxa6 bxa6 25. Qxc7 Nf3+ 26. Nxf3 Bxf3
1/2-1/2

[Event "DVM U10 2015"]
[Site "Magdeburg GER"]
[Date "2015.12.27"]
[Round "1"]
[White "Petersen, Sophie"]
[Black "Wusterack, Paul"]
[Result "0-1"]
[Termination "normal"]
[Board "6.2"]
[WhiteElo "942"]
[BlackElo "990"]
[WhiteTeam "SV "Glück auf" Rüdersdorf"]
[BlackTeam "SC Turm Lüneburg"]
[PlyCount "86"]
[WhiteFideId "16229380"]
[BlackFideId "16255356"]
[EventCountry "GER"]
[EventRounds "7"]
[EventType "team-swiss"]
[EventDate "2015.12.27"]

1. e4 e5 2. Nf3 Nc6 3. d4 exd4 4. Nxd4 Nxd4 5. Qxd4 Qf6 6. Qxf6 Nxf6 7. Nc3 Bb4
8. Bd3 O-O 9. Bd2 Re8 10. O-O d6 11. Rad1 Bd7 12. Rfe1 Bc6 13. f3 Bc5+ 14. Kh1
Rac8 15. h3 d5 16. e5 Nd7 17. Bf4 Bf2 18. Re2 d4 19. Ne4 Be3 20. Bxe3 dxe3 21.
Rxe3 Rxe5 22. Rde1 Rce8 23. Kh2 f5 24. Ng3 Rxe3 25. Rxe3 Rxe3 26. Nxf5 Re5 27.
Ng3 Nf6 28. Bf1 Nh5 29. Nxh5 Rxh5 30. g4 Rc5 31. Bd3 Bxf3 32. Kg3 Bd1 33. Bf1
Bxc2 34. Bg2 b6 35. Bf3 Rg5 36. Kh4 Rb5 37. Kg3 Rxb2 38. Kh4 Rb4 39. Kg3 g5 40.
Kg2 Kg7 41. Kg3 Rb2 42. Kg2 Be4+ 43. Kg3 Bxf3 0-1

[Event "DVM U10 2015"]
[Site "Magdeburg GER"]
[Date "2015.12.27"]
[Round "1"]
[White "Haube, Jonas"]
[Black "Bildat, Emilia"]
[Result "0-1"]
[Termination "normal"]
[Board "6.4"]
[WhiteElo "761"]
[BlackElo "981"]
[WhiteTeam "SV "Glück auf" Rüdersdorf"]
[BlackTeam "SC Turm Lüneburg"]
[PlyCount "126"]
[WhiteFideId "34600574"]
[BlackFideId "16218140"]
[EventCountry "GER"]
[EventRounds "7"]
[EventType "team-swiss"]
[EventDate "2015.12.27"]

1. e4 e5 2. Nf3 Nc6 3. Bc4 Bc5 4. Nc3 Nf6 5. d3 Na5 6. Bb5 c6 7. d4 Bxd4 8.
Nxd4 exd4 9. Qxd4 cxb5 10. Nxb5 Nc6 11. Qd3 d5 12. Bg5 dxe4 13. Qxd8+ Nxd8 14.
Bxf6 O-O 15. Bxd8 Rxd8 16. O-O Bf5 17. Rad1 a6 18. Rxd8+ Rxd8 19. Na7 h6 20. b4
b5 21. Nc6 Rd7 22. Ne5 Re7 23. Nc6 Re6 24. Nd4 Re5 25. Nc6 Re6 26. Nd4 Rf6 27.
Rd1 Rd6 28. h3 h5 29. c3 Rd5 30. Re1 g5 31. Nxf5 Rxf5 32. Rxe4 Kg7 33. g4 Rf6
34. gxh5 Rh6 35. h4 f5 36. Rd4 Rxh5 37. hxg5 Rxg5+ 38. Kf1 Rg6 39. Rd7+ Kf6 40.
a4 Ke6 41. Ra7 Kd5 42. axb5 axb5 43. Rc7 Rc6 44. Rf7 Ke6 45. Rh7 Rxc3 46. Rh6+
Kd5 47. Ke2 Rb3 48. Rh5 Ke4 49. f3+ Rxf3 50. Rh4+ Rf4 51. Rh5 Ke5 52. Ke3 Rxb4
53. Rh6 f4+ 54. Kf3 Rb3+ 55. Kg4 f3 56. Rh3 Kd4 57. Kf4 Rd3 58. Rg3 b4 59. Rg1
b3 60. Rf1 b2 61. Re1 Rb3 62. Rb1 Kc3 63. Kxf3 Kc2+ 0-1

[Event "DVM U10 2015"]
[Site "Magdeburg GER"]
[Date "2015.12.27"]
[Round "1"]
[White "Zores, Kai"]
[Black "Gallasch, Jonas"]
[Result "0-1"]
[Termination "normal"]
[Board "7.1"]
[WhiteElo "1053"]
[BlackElo "1401"]
[WhiteTeam "Hamburger SK von 1830 3"]
[BlackTeam "SG Porz"]
[PlyCount "33"]
[BlackFideId "16222474"]
[EventCountry "GER"]
[EventRounds "7"]
[EventType "team-swiss"]
[EventDate "2015.12.27"]

1. e4 c6 2. Nf3 d5 3. d3 Bg4 4. h3 Bh5 5. g4 Bg6 6. Nc3 dxe4 7. dxe4 Qxd1+ 8.
Kxd1 Nf6 9. Bd3 Na6 10. Ne5 Nc5 11. Nxg6 hxg6 12. Re1 Rxh3 13. Be3 Nxd3 14.
cxd3 Nxg4 15. Kc2 Nxe3+ 16. Rxe3 Rxe3 (16... Rh2 17. Re2 e5 18. f3 Rh3 19. Rf2
Bc5 20. Raf1 (20. Rff1 O-O-O 21. Rad1 Be3 22. Rde1 Bf4 23. Ne2 Bh6 24. Kc3 b5
25. a3 a5 26. Nc1 b4+ 27. axb4 axb4+ 28. Kxb4 Bd2+ 29. Kb3 Bxe1 30. Rxe1 Rxf3
31. Re2 Kd7 32. Rd2 f5 33. Na2 fxe4 34. Nb4 c5 35. Nc2) 20... O-O-O) 17. fxe3
0-1